Statistics for Maple Leafs 2020-2023 Draft Picks

Click here to take the quiz!

General Stats

  • This quiz has been taken 23 times
  • The average score is 14 of 23

Answer Stats

Draft YearDraft RoundOverallPositionAnswer% Correct
2023128RWEaston Cowan
100%
2021257LWMatthew Knies
100%
2022238CFraser Minten
89%
2020115LWRodion Amirov
89%
20224122GDennis Hildeby
78%
20204106GArtur Akhtyamov
67%
2022395RWNick Moldenhauer
67%
2020259CRoni Hirvonen
67%
2020364DTopi Niemela
67%
20215153RWTy Voit
67%
20235153CHudson Malinoski
56%
20225135RWNikita Grebenkin
56%
20236185DNoah Chadwick
56%
20216185GVyacheslav Peksa
56%
20206180CJoe Miller
44%
20207189DJohn Fusco
44%
20207213CRyan Tverberg
44%
20204122DWilliam Villeneuve
44%
20206177DAxel Rindell
33%
20227218LWBrandon Lisowsky
33%
20205137LWDmitry Ovchinnikov
33%
20206168RWVeeti Miettinen
33%
20207195FWyatt Schingoethe
33%

Score Distribution

Percentile by Number Answered

Percent of People with Each Score

Your Score History

You have not taken this quiz